logo

Bir Sreshtho Munshi Abdur Rouf Library
Jhenaidah Cadet College

Modern Certificate Guides Certificate Commerce / (Record no. 5280)

MARC details
000 -LEADER
fixed length control field 00625nam a2200241 a 4500
001 - CONTROL NUMBER
JCCL Control Number 5280
003 - CONTROL NUMBER IDENTIFIER
JCCL marc code BD-JhCC
005 - DATE AND TIME OF LATEST TRANSACTION
control field 20171220124513.0
008 - FIXED-LENGTH DATA ELEMENTS--GENERAL INFORMATION
fixed length control field 171211s19772006si |||| || | 000 0 eng d
020 ## - INTERNATIONAL STANDARD BOOK NUMBER
International Standard Book Number 0195846664
035 ## - SYSTEM CONTROL NUMBER
system control number (BD-JhCC)5280
040 ## - CATALOGING SOURCE
Original cataloging agency BD-JhCC
Modifying agency BD-JhCC
041 ## - LANGUAGE CODE
Language code of Book eng
082 ## - DEWEY DECIMAL CLASSIFICATION NUMBER
Classification number 380.1
Author mark and Year KIM 2006
100 ## - MAIN ENTRY--PERSONAL NAME
Personal name Kim, Tan Sai
245 ## - TITLE STATEMENT
Title Modern Certificate Guides Certificate Commerce /
Statement of responsibility, etc Tan Sai Kim, Betsy Li
260 ## - PUBLICATION, DISTRIBUTION, ETC. (IMPRINT)
Place of publication, distribution, etc Singapore :
Name of publisher, distributor, etc Oxford University Press,
Date of publication, distribution, etc 2006.
300 ## - PHYSICAL DESCRIPTION
Pagination 169 p. :
Dimensions 23 cm.
650 ## - SUBJECT ADDED ENTRY--TOPICAL TERM
Topical term or geographic name as entry element Commerce
700 ## - ADDED ENTRY--PERSONAL NAME
Personal name Li, Betsy
942 ## - ADDED ENTRY ELEMENTS (KOHA)
Source of classification or shelving scheme Dewey Decimal Classification
Koha item type Books
Holdings
Source of classification or shelving scheme Damaged status Not for loan Home library Current library Shelving location Date of accession Total Checkouts Full call number Barcode Date last seen Copy number Koha item type Source of acquisition
Dewey Decimal Classification     JCC Rouf Library JCC Rouf Library General Stacks 12/11/2017   380.1 KIM 2006 7126 12/11/2017 C-1 Books  
Dewey Decimal Classification     JCC Rouf Library JCC Rouf Library General Stacks 12/17/2017   380.1 KIM 2006 7156 12/17/2017 C-2 Books Zahedee Foundation

JCC Library | Contacts | JCC Home

Last Update on 23 September 2017
Copyright @ 2017-2020 JCC Rouf Library
Rouf Library, Jhenidah Cadet College (JCC), Bangladesh